LIBRARY & INFORMATION CENTRE, KCAET, TAVANUR

ONLINE PUBLIC ACCESS CATALOGUE (OPAC)

Dynamics made clear (Record no. 218)

MARC details
000 -LEADER
fixed length control field 00339cam a2200157ua 4500
041 ## - LANGUAGE CODE
Language code of text/sound track or separate title mal
082 ## - DEWEY DECIMAL CLASSIFICATION NUMBER
Classification number 531.3
Item number ARJ/DY
100 ## - MAIN ENTRY--AUTHOR NAME
Personal name Arjun, Singh .
245 ## - TITLE STATEMENT
Title Dynamics made clear
250 ## - EDITION STATEMENT
Edition statement 1 /
260 ## - PUBLICATION, DISTRIBUTION, ETC. (IMPRINT)
Place of publication Trivandrum :
Name of publisher Higgin Bothams ,
Year of publication 1985.
300 ## - PHYSICAL DESCRIPTION
Number of Pages 586 ; .
942 ## - ADDED ENTRY ELEMENTS (KOHA)
Koha item type Books
Holdings
Withdrawn status Lost status Damaged status Home library Current library Date acquired Full call number Accession Number Koha item type
Withdrawn     KAUAET Sanskrit University 07/04/2012 531.3 11434 Books
free website counter